33 Countries by Country with common 3-letter block - Statistics

General Stats
  • This quiz has been taken 97 times
  • The average score is 17 of 33
Answer Stats
Type-in String # COUNTRY TICK % Correct
r:^ANDORRA|^ANTIGUAANDBARBUDA|^BELARUS|^BOSNIAANDHERZEGOVINA|^FINLAND|^IRELAND|^MARSHALLISLANDS|^NETHERLANDS|^NEWZEALAND|^POLAND|^RWANDA|^SAINTKITTSANDNEVIS|^SAINTVINCENTANDTHEGRENADINES|^SAOTOMEANDPRINCIPE|^SOLOMONISLANDS|^SRILANKA|^SWAZILAND|^SWITZERLAND|^THAILAND|^TRINIDADANDTOBAGO|^UGANDA|^VENEZUELA 22 Iceland
100%
r:^ANDORRA|^ANTIGUAANDBARBUDA|^BOSNIAANDHERZEGOVINA|^CENTRALAFRICANREPUBLIC|^FINLAND|^GUATEMALA|^ICELAND|^IRELAND|^MALAWI|^MALAYSIA|^MARSHALLISLANDS|^NETHERLANDS|^PALAU|^PAPUANEWGUINEA|^POLAND|^RWANDA|^SAINTKITTSANDNEVIS|^SAINTVINCENTANDTHEGRENADINES|^SAOTOMEANDPRINCIPE|^SOLOMONISLANDS|^SRILANKA|^SWAZILAND|^SWITZERLAND|^THAILAND|^TRINIDADANDTOBAGO|^UGANDA 26 New Zealand
96%
r:^ALGERIA|^AUSTRIA|^BULGARIA|^EQUATORIALGUINEA|^ERITREA|^GERMANY|^LIBERIA|^NIGER|^SYRIA 9 Nigeria
92%
r:^ANDORRA|^ANTIGUAANDBARBUDA|^BOSNIAANDHERZEGOVINA|^FINLAND|^ICELAND|^IRELAND|^MARSHALLISLANDS|^NETHERLANDS|^NEWZEALAND|^POLAND|^PORTUGAL|^RWANDA|^SAINTKITTSANDNEVIS|^SAINTVINCENTANDTHEGRENADINES|^SAOTOMEANDPRINCIPE|^SOLOMONISLANDS|^SWAZILAND|^SWITZERLAND|^THAILAND|^TRINIDADANDTOBAGO 20 Uganda
89%
r:^ANTIGUAANDBARBUDA|^BOSNIAANDHERZEGOVINA|^ECUADOR|^ELSALVADOR|^FINLAND|^ICELAND|^INDONESIA|^IRELAND|^MARSHALLISLANDS|^NETHERLANDS|^NEWZEALAND|^POLAND|^RWANDA|^SAINTKITTSANDNEVIS|^SAINTVINCENTANDTHEGRENADINES|^SAOTOMEANDPRINCIPE|^SIERRALEONE|^SOLOMONISLANDS|^SWAZILAND|^SWITZERLAND|^THAILAND|^TRINIDADANDTOBAGO|^UGANDA 23 Andorra
88%
r:^AUSTRALIA|^GUATEMALA|^MALAWI|^MALAYSIA|^MALDIVES|^MALTA|^SOMALIA 7 Mali
86%
r:^ANTIGUAANDBARBUDA|^JORDAN|^SOUTHSUDAN|^TRINIDADANDTOBAGO 4 Sudan
83%
r:^ANDORRA|^ANTIGUAANDBARBUDA|^BOSNIAANDHERZEGOVINA|^FINLAND|^ICELAND|^IRELAND|^MARSHALLISLANDS|^NETHERLANDS|^NEWZEALAND|^POLAND|^RWANDA|^SAINTKITTSANDNEVIS|^SAINTVINCENTANDTHEGRENADINES|^SANMARINO|^SOLOMONISLANDS|^SURINAME|^SWAZILAND|^SWITZERLAND|^THAILAND|^TRINIDADANDTOBAGO|^UGANDA|^VATICANCITY 22 São Tomé and Príncipe
81%
r:^AFGHANISTAN|^FEDERATEDSTATESOFMICRONESIA|^INDONESIA|^MALAYSIA|^RUSSIA|^SOLOMONISLANDS|^TURKMENISTAN|^UNITEDARABEMIRATES|^UNITEDKINGDOM|^UNITEDSTATES 10 Tunisia
81%
r:^BAHRAIN|^EQUATORIALGUINEA|^GUINEA|^GUINEABISSAU|^PAPUANEWGUINEA|^PHILIPPINES|^SAINTKITTSANDNEVIS|^SAINTLUCIA|^SAINTVINCENTANDTHEGRENADINES|^SPAIN 10 Ukraine
71%
r:^CANADA|^GHANA|^GUYANA|^PANAMA|^RWANDA|^SWAZILAND|^TAIWAN 7 Botswana
69%
r:^LIBERIA 1 Libya Liberia
67%
r:^CHINA|^PHILIPPINES 2 Chile
64%
r:^ALGERIA|^BURMA|^NIGER|^NIGERIA|^OMAN|^ROMANIA 6 Germany
61%
r:^BAHAMAS|^CENTRALAFRICANREPUBLIC|^COSTARICA|^DOMINICA|^DOMINICANREPUBLIC|^NICARAGUA|^PANAMA|^SOUTHAFRICA|^VATICANCITY 9 Jamaica
60%
r:^PANAMA 1 Japan Panama
60%
r:^AZERBAIJAN|^COLOMBIA|^GAMBIA|^NAMIBIA|^SAUDIARABIA|^ZAMBIA 6 Serbia
58%
r:^BAHRAIN|^SAINTKITTSANDNEVIS|^SAINTLUCIA|^SAINTVINCENTANDTHEGRENADINES|^UKRAINE 5 Spain
54%
r:^PALAU 1 Nepal Palau
49%
r:^MARSHALLISLANDS|^SANMARINO|^SWEDEN 3 Denmark
47%
r:^COMOROS|^MOROCCO 2 East Timor
46%
r:^KUWAIT|^MAURITIUS|^THAILAND 3 Haiti
40%
r:^HAITI 1 Kuwait Haiti
32%
r:^ARMENIA|^TURKMENISTAN 2 Yemen
28%
r:^LESOTHO 1 Seychelles Lesotho
28%
r:^BURUNDI 1 Brunei Burundi
15%
r:^ARMENIA|^SLOVENIA|^TURKMENISTAN 3 Benin
14%
r:^SWAZILAND 1 Brazil Swaziland
14%
r:^MAURITANIA 1 Italy Mauritania
11%
r:^NETHERLANDS 1 Ethiopia Netherlands
10%
r:^SLOVAKIA 1 Moldova Slovakia
8%
r:^CZECHREPUBLIC|^MONTENEGRO 2 Liechtenstein
7%
r:^COSTARICA 1 Qatar Costarica
1%
No matching quizzes found
Score Distribution
Percent of People with Each Score
Percentile by Number Answered
Your Score History
You have not taken this quiz